<?xml version="1.0" encoding="UTF-8"?>
<collection xmlns:xsi="http://www.w3.org/2001/XMLSchema-instance" xsi:schemaLocation="http://www.loc.gov/MARC21/slim http://www.loc.gov/standards/marcxml/schema/MARC21slim.xsd" xmlns="http://www.loc.gov/MARC21/slim">
 <record>
  <leader>00000cmm a22000003a 4500</leader>
  <controlfield tag="001">UP-99796217610334271</controlfield>
  <controlfield tag="003">Buklod</controlfield>
  <controlfield tag="005">20120528155107.0</controlfield>
  <controlfield tag="006">m    |o  d |      </controlfield>
  <controlfield tag="007">ta</controlfield>
  <controlfield tag="008">120528s2012    xx     d        u        </controlfield>
  <datafield tag="035" ind1=" " ind2=" ">
   <subfield code="a">(iLib)UPD-00184905424</subfield>
  </datafield>
  <datafield tag="040" ind1=" " ind2=" ">
   <subfield code="a">DMC</subfield>
  </datafield>
  <datafield tag="041" ind1=" " ind2=" ">
   <subfield code="a">fil</subfield>
  </datafield>
  <datafield tag="090" ind1=" " ind2=" ">
   <subfield code="a">eDZUP-085</subfield>
  </datafield>
  <datafield tag="245" ind1="0" ind2="0">
   <subfield code="a">Involved media or community media</subfield>
   <subfield code="h">[electronic resource]</subfield>
   <subfield code="c">[hosted by] Raymund Villanueva.</subfield>
  </datafield>
  <datafield tag="264" ind1=" " ind2="1">
   <subfield code="a">Quezon City</subfield>
   <subfield code="b">DZUP</subfield>
   <subfield code="c">2012.</subfield>
  </datafield>
  <datafield tag="300" ind1=" " ind2=" ">
   <subfield code="a">1 online resource (60 min.)</subfield>
   <subfield code="b">sd</subfield>
  </datafield>
  <datafield tag="490" ind1="1" ind2=" ">
   <subfield code="a">Sali na bayan</subfield>
   <subfield code="v">[Episode no.31]</subfield>
  </datafield>
  <datafield tag="500" ind1=" " ind2=" ">
   <subfield code="a">Guest : Honorio Guerrero Jr.</subfield>
  </datafield>
  <datafield tag="505" ind1="0" ind2=" ">
   <subfield code="a">Project in Mindanao (Mindanao Mining Mobile Monitoring Project) -- Mining industry in Canada.</subfield>
  </datafield>
  <datafield tag="518" ind1=" " ind2=" ">
   <subfield code="a">Date broadcast : February 14,2012, Tuesday, 2-3 p.m.</subfield>
  </datafield>
  <datafield tag="650" ind1=" " ind2="0">
   <subfield code="a">Local mass media</subfield>
   <subfield code="z">Philippines.</subfield>
  </datafield>
  <datafield tag="650" ind1=" " ind2="0">
   <subfield code="a">Video recordings</subfield>
   <subfield code="x">Production and direction</subfield>
   <subfield code="z">Philippines</subfield>
   <subfield code="z">Mindanao.</subfield>
  </datafield>
  <datafield tag="650" ind1=" " ind2="0">
   <subfield code="a">Mineral indutries</subfield>
   <subfield code="z">Canada.</subfield>
  </datafield>
  <datafield tag="691" ind1="2" ind2="4">
   <subfield code="a">DZUP 1602.</subfield>
  </datafield>
  <datafield tag="695" ind1=" " ind2="4">
   <subfield code="a">Sali na bayan (Radio program).</subfield>
  </datafield>
  <datafield tag="700" ind1="1" ind2=" ">
   <subfield code="a">Villanueva, Raymund.</subfield>
  </datafield>
  <datafield tag="700" ind1="1" ind2=" ">
   <subfield code="a">Guerrero, Honorio, Jr.</subfield>
  </datafield>
  <datafield tag="830" ind1=" " ind2="0">
   <subfield code="a">Sali na bayan</subfield>
   <subfield code="v">[Episode no.31]</subfield>
  </datafield>
  <datafield tag="856" ind1="4" ind2="0">
   <subfield code="z">This was first heard live on air at DZUP 1602 AM. Podcast uploaded at iskwiki. Click to listen</subfield>
   <subfield code="u">http://iskwiki.up.edu.ph/images/3/3d/SNB_FEBRUARY_14%2C_2012.mp3</subfield>
  </datafield>
  <datafield tag="905" ind1=" " ind2=" ">
   <subfield code="a">FI</subfield>
  </datafield>
  <datafield tag="852" ind1="0" ind2=" ">
   <subfield code="a">UPD</subfield>
   <subfield code="b">DMC</subfield>
   <subfield code="h">eDZUP-085</subfield>
  </datafield>
  <datafield tag="942" ind1=" " ind2=" ">
   <subfield code="a">Electronic Resource</subfield>
  </datafield>
 </record>
</collection>
